| 000 | 01744cam a2200337 a 4500 | ||
|---|---|---|---|
| 001 | 14472207 | ||
| 005 | 20070703072331.0 | ||
| 008 | 060728s2007 maua 001 0 eng | ||
| 010 | _a 2006024619 | ||
| 020 | _a0977858243 (hardcover with cdrom : alk. paper) | ||
| 020 | _a9780977858248 | ||
| 040 |
_aDLC _cDLC _dDLC |
||
| 050 | 0 | 0 |
_aTA345 _b.B26 2007 |
| 082 | 0 | 0 |
_a620.00151 _222 _bBAL |
| 100 | 1 |
_aBali, N. _922558 |
|
| 245 | 1 | 0 |
_aAdvanced Engineering Mathematics : _bA Computer Approach / _cN. Bali, M. Goyal, and C. Watkins. |
| 250 | _a7th ed. | ||
| 260 |
_aHingham, Mass. : _bInfinity Science Press, 2007 _c2007. |
||
| 300 |
_axxvi, 1606 p. : _bill. ; _c25 cm. + _e1 CD-ROM (4 3/4 in.) |
||
| 500 | _aIncludes index. | ||
| 650 | 0 |
_aEngineering mathematics _xData processing. _922559 |
|
| 700 | 1 |
_aGoyal, M. _922560 |
|
| 700 | 1 |
_aWatkins, Christopher. _922561 |
|
| 856 | 4 | 1 |
_3Table of contents only _uhttp://www.loc.gov/catdir/toc/ecip0618/2006024619.html |
| 942 |
_2ddc _cBB |
||
| 999 |
_c15006 _d15006 |
||